Biggest Cities in Germany - Statistics

General Stats
  • This quiz has been taken 1,948 times
    1,932 since last reset
  • The average score is 35 of 75
Answer Stats
# City % Correct
1 Berlin
100%
3 Munich
98%
2 Hamburg
97%
5 Frankfurt am Main
96%
4 Cologne
94%
11 Dresden
88%
7 Düsseldorf
88%
6 Stuttgart
88%
10 Bremen
83%
13 Hannover
83%
12 Leipzig
81%
8 Dortmund
78%
9 Essen
78%
19 Bonn
77%
14 Nuremberg
77%
30 Kiel
67%
22 Mannheim
63%
29 Aachen
60%
39 Mainz
60%
47 Potsdam
59%
38 Rostock
59%
15 Duisburg
57%
34 Freiburg im Breisgau
55%
23 Augsburg
53%
18 Bielefeld
53%
32 Magdeburg
53%
42 Saarbrücken
53%
16 Bochum
51%
17 Wuppertal
51%
21 Karlsruhe
50%
35 Lübeck
49%
37 Erfurt
48%
20 Münster
48%
61 Ulm
46%
24 Wiesbaden
46%
59 Wolfsburg
46%
53 Heidelberg
44%
25 Gelsenkirchen
43%
40 Kassel
42%
26 Mönchengladbach
42%
28 Chemnitz
40%
69 Koblenz
40%
73 Jena
38%
56 Regensburg
38%
46 Leverkusen
37%
58 Würzburg
37%
31 Halle (Saale)
36%
54 Darmstadt
35%
57 Ingolstadt
35%
49 Osnabrück
35%
74 Trier
35%
27 Braunschweig
34%
72 Bremerhaven
34%
48 Oldenburg
31%
55 Paderborn
31%
64 Göttingen
29%
60 Fürth
25%
45 Ludwigshafen am Rhein
25%
36 Oberhausen
25%
63 Offenbach am Main
24%
33 Krefeld
23%
43 Hamm
22%
75 Erlangen
20%
41 Hagen
20%
62 Heilbronn
18%
50 Solingen
17%
52 Neuss
16%
66 Pforzheim
16%
65 Bottrop
15%
51 Herne
15%
67 Recklinghausen
15%
68 Reutlingen
13%
70 Remscheid
11%
71 Bergisch Gladbach
10%
44 Mühlheim an der Ruhr
8%
No matching quizzes found
Score Distribution
Percent of People with Each Score
Percentile by Number Answered
Your Score History
You have not taken this quiz since the last reset